| 000 | 00854cam a2200241 a 4500 | ||
|---|---|---|---|
| 020 | _a0415774322 (hbk. : alk. paper) | ||
| 020 | _a0415774330 (pbk. : alk. paper) | ||
| 020 | _a9780415774321 (hbk. : alk. paper) | ||
| 020 | _a9780415774338 (pbk. : alk. paper) | ||
| 082 | 0 | 0 |
_a624.171 _bGHA _cN-01, P-40 |
| 100 | 1 |
_aGhali, A. _936416 |
|
| 245 | 1 | 0 |
_aStructural analysis : _ba unified classical and matrix approach / _cA. Ghali, A.M. Neville and T.G. Brown. |
| 250 | _a6th ed. | ||
| 260 |
_aLondon ; _aNew York : _bSpon Press, _c2009. |
||
| 300 |
_axxvi, 835 p. : _bill. ; _c26 cm. |
||
| 526 |
_a0 _b0 _c0 _d624_171000000000000_GHA |
||
| 526 |
_a0 _b0 _c0 _d624_171000000000000_GHA |
||
| 650 | 0 |
_aNUST _96342 |
|
| 650 | 0 |
_aStructural analysis (Engineering) _9654 |
|
| 700 | 1 |
_aBrown, T. G. _936417 |
|
| 700 | 1 |
_aNeville, Adam M. _936418 |
|
| 942 |
_2ddc _cBK |
||
| 999 |
_c541482 _d541482 |
||